000 00285nam a2200109Ia 4500
008 171211s9999 xx 000 0 und d
245 _aGreat Software Debates
245 _cAlan M. Davis
260 _c2004
650 _xSOFTWARE
856 _uhttp://down.ebook777.com/063/0471675237.pdf
999 _c349324
_d349324